000 00536nam a2200157 4500
001 116564
003 ES-MaACL
007 t|
008 061121s1927 sp r ||||1| spa d
100 1 _aPaulsen, Friedrich.
_989662
245 1 0 _aPedagogía racional /
_cpor Federico Paulsen ; versión española con un prólogo del Rvdo. P. Ramón Ruiz Amado.
260 _aBarcelona :
_b[s. n.],
_c1927 (
_fTip. `La Educación`)
300 _aVIII, 385 p. ;
_c22 cm.
700 1 _aRuiz Amado, Ramón.
_9100651
852 _aES-MaACL
_jC-8922
_bR.37006
999 _c116564
_d116564